|
|
|
|
| LEADER |
00000nab a2200000 a 4500 |
| 001 |
vtls000917246 |
| 003 |
SK-MaSNL |
| 005 |
20260303210633.0 |
| 008 |
040720e19921111xo 0 slo |
| 035 |
|
|
|a KE26125
|
| 040 |
|
|
|a KEVKJB
|b slo
|c KEVKJB
|e AACR2
|
| 041 |
0 |
|
|a slo
|
| 044 |
|
|
|a xo
|c SK
|
| 080 |
|
|
|a 793.33
|2 1981
|
| 080 |
|
|
|a 796.093.1
|2 1981
|
| 100 |
0 |
|
|a (nš)
|4 aut
|9 847008
|
| 245 |
1 |
0 |
|a Titul Skočdopolovcom
|b Triumf Tanečného klubu VSŽ na Majstrovstvách SR
|
| 518 |
|
|
|a 7.-8.11.1992
|
| 600 |
0 |
7 |
|a Skočdopolovci
|2 SNKMA
|9 1242634
|
| 611 |
1 |
7 |
|a majstrovstvá Slovenska
|2 SNK
|9 873318
|
| 650 |
0 |
7 |
|a spoločenské tance
|2 SNKPH
|9 29452
|
| 650 |
0 |
7 |
|a účastníci
|2 SNK
|9 880073
|
| 650 |
0 |
7 |
|a Majstri SR (titul)
|2 SNK
|9 1242635
|
| 650 |
0 |
7 |
|a latinskoamerické tance
|2 SNKPH
|9 75641
|
| 650 |
0 |
7 |
|a Tanečný klub VSŽ, Koši
|2 SNK
|9 1242636
|
| 650 |
0 |
7 |
|a štandardné tance
|2 SNKPH
|9 84619
|
| 651 |
|
7 |
|a Pezinok (Slovensko)
|2 SNKPHgeo
|9 15835
|
| 651 |
|
7 |
|a KE,
|2 KEVKJB
|9 877256
|
| 655 |
|
7 |
|a periodikum
|2 SNKPH
|9 29553
|
| 773 |
0 |
8 |
|t Slovenský východ
|g Roč. 2
|g Roč. 20, č.266, 11.11.1992, s. 4
|
| 852 |
|
|
|a ZVYKNI
|b KIS3GCP
|
| 999 |
|
|
|c 2201018
|d 2202948
|